20 Best Students Cities 2016 - Statistics

General Stats
  • This quiz has been taken 67 times
  • The average score is 18 of 20
Answer Stats
Rank City Country % Correct
1 Paris France
100%
4 Sydney Australia
100%
3 Tokyo Japan
100%
9 Berlin Germany
98%
5 London United Kingdom
98%
10 Seoul South Korea
98%
20 New York United States
97%
6 Singapore Singapore
97%
2 Melbourne Australia
95%
13 Toronto Canada
95%
7 Montreal Canada
94%
11 Munich Germany
94%
16 Vienna Austria
94%
13 Vancouver Canada
91%
8 Hong Kong China
86%
12 Zurich Switzerland
86%
18 Auckland New Zealand
84%
13 Boston United States
83%
17 Canberra Australia
73%
18 Brisbane Australia
69%
No matching quizzes found
Score Distribution
Percent of People with Each Score
Percentile by Number Answered
Your Score History
You have not taken this quiz